Statistics for Biggest Cities of the British Isles in 1300 AD with a Map

Click here to take the quiz!

General Stats

  • This quiz has been taken 292 times
  • The average score is 47 of 95

Answers on the Map

Answers color-coded by a green-red scale on the quiz's map according to % correct below.
 

Answer Stats

PopulationCities% Correct
45kLondon
98%
11kDublin
97%
6kEdinburgh
96%
2kGlasgow
96%
6kCork
93%
11kBristol
91%
6kNewcastle upon Tyne
91%
8kYork
89%
4kAberdeen
86%
2kCardiff
86%
3kSouthampton
86%
3kOxford
85%
12kPlymouth
85%
4kCambridge
84%
3kLeeds
84%
2kManchester
84%
13kNorwich
83%
3kInverness
82%
4kNottingham
81%
2kDover
78%
4kKingston upon Hull
78%
3kLeicester
78%
2kDundee
76%
5kPortsmouth
76%
9kLincoln
74%
6kCanterbury
72%
5kBath
71%
12kCoventry
70%
4kChester
69%
6kExeter
69%
2kBrighton
68%
15kWinchester
68%
3kLimerick
67%
5kGloucester
66%
2kIpswich
66%
3kWaterford
65%
4kGalway
64%
2kWorcester
56%
7kColchester
55%
3kPerth
54%
2kDurham
53%
2kReading
50%
2kWexford
50%
2kNorthampton
49%
3kHereford
48%
2kBerwick-upon-Tweed
44%
2kPeterborough
44%
8kKing's Lynn
42%
8kSalisbury
42%
3kShrewsbury
42%
2kSt Albans
41%
2kChichester
40%
7kBoston
39%
2kWarwick
39%
5kArmagh
37%
3kEly
37%
2kGreat Yarmouth
37%
3kKilkenny
37%
2kScarborough
37%
2kDoncaster
36%
2kRochester
33%
2kTaunton
33%
3kSt Andrews
32%
2kWakefield
31%
2kWhitby
31%
2kHuddersfield
30%
2kGateshead
29%
2kBury St Edmunds
28%
3kDudley
28%
2kNewry
25%
3kDrogheda
24%
3kRotherham
24%
2kDundalk
23%
2kKendal
23%
2kLichfield
23%
2kPaisley
23%
2kCroydon
22%
2kWhitehaven
22%
2kBeverley
20%
2kWalsall
19%
2kKirkcaldy
18%
3kCarlow
16%
5kDownpatrick
16%
2kTiverton
15%
2kWest Ham
15%
2kMacclesfield
14%
2kKidderminster
13%
13kNew Ross
13%
3kWellington
12%
2kBromsgrove
10%
2kEllesmere
9%
3kKilmallock
9%
2kBilston
8%
2kRowley Regis
8%
2kShepton Mallet
8%

Score Distribution

Percentile by Number Answered

Percent of People with Each Score

Your Score History

You have not taken this quiz